000 00479nam a2200181Ia 4500
003 GCL
008 140319s9999 xx 000 0 ara d
040 _aGCL /
_cGCL
082 0 4 _aط
_b813.02
_bح ش
100 1 _aحفنى مصطفى حفنى
245 1 0 _aشجرة التوت /
_cحفنى مصطفى حفنى
700 1 _aحفنى مشرف
300 _a27 ص
490 _a100 قصة
_v0
650 0 4 _aالاطفال
650 0 4 _aقصص الاطفال
942 _2ddc
_cBK
999 _c44949
_d44949